000 00557nam a22001697a 4500
003 PILC
005 20150605141800.0
008 150605b xxu||||| |||| 00| 0 eng d
050 _aT 1
_b.T693 2009
100 _aTorres, Ivanna Gail R.
245 _aAttendance monitoring system of south mansfield college /
_cIvanna Gail R. Torres.
260 _aMuntinlupa City :
_bSMC,
_c2009.
300 _ax, 57 pages :
_b illustrations ;
_c28 cm.
500 _aIncludes bibliographical references and indexes.
650 _aManagement system.
942 _2lcc
_cTH
_kLOC
999 _c284765
_d284765